01425nam a22003731i 450000100090000000300090000900500170001800800410003502000180007602000150009403500250010903500130013404000410014704300120018808200200020010000350022024500910025526400720034630000840041833600260050233600330052833700280056133800270058950400520061660000730066865000550074165300220079665500170081894200120083596000190084798700130086699900170087995201550089614915260EG-ScBUE20230301040125.0200121s2020 ua ae f b 001 0 eng d a9789774168901 a9774168909 a(NhCcYBP)om281597073 a14915260 aNhCcYBPbengerdacNhCcYBPdEG-ScBUE af-ua---04222a720.92bSTE1 aSteele, James,d1943-eauthor.10aAbdelhalim Ibrahim Abdelhalim :ban architecture of collective memory /cJames Steele. 1aCairo ;aNew York :bThe American University in Cairo Press,c2020. avii, 194 pages :billustrations (chiefly color), plans (chiefly color) ;c29 cm atextbtxt2rdacontent astill imagebsti2rdacontent aunmediatedbn2rdamedia avolumebnc2rdacarrier aIncludes bibliographical references and index. 17aAbdelhalim, Abdelhalim IbrahimxCriticism and interpretation.2BUEsh 72BUEshaArchitectszEgypty20th centuryvBiography. bENGARCcMarch2023 vReading book 2ddccBB a39002134777714 cON ORDER c30168d30139 00102ddc40708BaccahaMAINbMAINc2NDd2023-03-01ePurchaseg1100.00h37179l0o720.92 STEp000044799r2025-07-15 00:00:00v1375.00w2023-03-01yBB